|
|
|
|
| LEADER |
00000nam0a2200000 4500 |
| 001 |
151454 |
| 005 |
20231101221548.0 |
| 020 |
|
|
|a RU
|b 87-67148
|
| 035 |
|
|
|a (RuTPU)RU\TPU\book\164220
|
| 090 |
|
|
|a 151454
|
| 100 |
|
|
|a 20090123d1987 de y0rusy5003 ca
|
| 101 |
0 |
|
|a rus
|
| 102 |
|
|
|a RU
|
| 105 |
|
|
|a a z 000ay
|
| 200 |
1 |
|
|a Первенцы свободы
|e роман
|e для среднего и старшего школьного возраста
|f О. Д. Форш
|g худож. Г. С. Краснов
|
| 210 |
|
|
|a Красноярск
|c Красноярское книжное издательство
|d 1987
|
| 215 |
|
|
|a 319 с.
|c ил.
|d 21 см
|
| 225 |
1 |
|
|a О доблестях, о подвигах, о славе
|
| 610 |
1 |
|
|a Декабристы
|
| 610 |
1 |
|
|a Революционное движение в России
|
| 610 |
1 |
|
|a 19 век
|
| 610 |
1 |
|
|a детская литература
|
| 610 |
1 |
|
|a исторические романы
|
| 675 |
|
|
|a Р2
|z rus
|
| 700 |
|
1 |
|a Форш
|b О. Д.
|c русская писательница
|f 1873-1961
|g Ольга Дмитриевна
|2 stltpush
|3 (RuTPU)RU\TPU\pers\3662
|9 801
|
| 702 |
|
1 |
|a Краснов
|b Г. С.
|4 440
|
| 801 |
|
0 |
|a RU
|b RuMRKP
|c 19950417
|g psbo
|
| 801 |
|
1 |
|a RU
|b 63413507
|c 20090123
|g PSBO
|
| 801 |
|
2 |
|a RU
|b 63413507
|c 20090123
|g PSBO
|
| 942 |
|
|
|c BK
|